Agricultural and food policy

Kaydedildi:
Detaylı Bibliyografya
Yazar: Spite, G. F.
Materyal Türü: Kitap
Dil:Undetermined
Baskı/Yayın Bilgisi: Washington National Agricultural and Food Policy 1990
Konular:
Etiketler: Etiketle
Etiket eklenmemiş, İlk siz ekleyin!
Thư viện lưu trữ: Trung tâm Học liệu Trường Đại học Cần Thơ
LEADER 00557nam a2200193Ia 4500
001 CTU_125914
008 210402s9999 xx 000 0 und d
082 |a 338.180973 
082 |b S761 
100 |a Spite, G. F. 
245 0 |a Agricultural and food policy 
245 0 |c G. F. Spite 
260 |a Washington 
260 |b National Agricultural and Food Policy 
260 |c 1990 
650 |a Agriculture and state,Nutrition policy 
650 |z United States,United States 
904 |i Truc 
980 |a Trung tâm Học liệu Trường Đại học Cần Thơ